Irodalomtörténeti és -kritikai értelmezések. [Görömbei András; Létértelmezések. Felsőmagyarország Kiadó. Miskolc. 1999]
Elmentve itt :
| Szerző: | |
|---|---|
| Adatforrás: | Meister |
| Forrásdokumentuma: | A Hét. - 37 sz., 1999, 7 p. |
| Nyelv: | magyar |
| Kulcsszavak: | irodalomtörténet-recenzió GÖRÖMBEI András |
| LEADER | 00467nab a2200133 i 4500 | ||
|---|---|---|---|
| 001 | bibPRO00008022 | ||
| 008 | 060524s1999 xx hun | ||
| 040 | |a Sz1 | ||
| 041 | |a hun | ||
| 100 | 1 | |a BORCSA János | |
| 245 | 1 | 0 | |a Irodalomtörténeti és -kritikai értelmezések. [Görömbei András; Létértelmezések. Felsőmagyarország Kiadó. Miskolc. 1999] |c BORCSA János |
| 695 | |a irodalomtörténet-recenzió | ||
| 695 | |a GÖRÖMBEI András | ||
| 773 | 0 | |t A Hét. - |g 37 sz., 1999, 7 p. | |